000 01033cam a22002651 4500
001 l 31000157
003 DLC
005 20260227111533.0
008 810320s1931 dcu b f000 0 eng c
010 _al 31000157
035 _a(OCoLC)7245564
040 _aLibrary, U.S. Dept. of Labor
_cViBlbV
_dOCoLC
_dDLC
042 _apremarc
050 0 0 _aHD6093
_b.A35 no. 91
100 1 _aPidgeon, Mary Elizabeth.
245 1 0 _aWomen in industry;
_ba series of papers to aid study groups,
_cby Mary Elizabeth Pidgeon.
260 _aWashington,
_bU.S. Govt. print. off.,
_c1931.
300 _aviii, 79 p.
_c23 cm.
490 1 _aBulletin of the [U. S.] Women's bureau,
_vno. 91
500 _aAt head of title: United States Department of labor. W. N. Doak, secretary. Women's bureau. Mary Anderson, director.
504 _a"List of references": p. viii.
650 0 _aWomen
_xEmployment
_zUnited States.
710 1 _aUnited States.
_bWomen's Bureau.
810 1 _aUnited States.
_bWomen's Bureau.
_tBulletin - Women's Bureau ;
_vno. 91.
999 _c36035
_d36035